[Event "Dvorkovich Memorial op"]
[Site "Taganrog"]
[Date "2019.01.16"]
[Round "7"]
[White "Solovyov, Konstantin"]
[Black "Zakharov, Alexander"]
[Result "0-1"]
[WhiteElo "2069"]
[BlackElo "2268"]
[PlyCount "66"]
[EventDate "2019.01.10"]
[EventType "swiss"]
[EventRounds "9"]
[EventCountry "RUS"]
[SourceTitle "CBM 188 Extra"]
[Source "ChessBase"]
[SourceDate "2019.02.28"]
[SourceVersion "1"]
[SourceVersionDate "2019.02.28"]
[SourceQuality "1"]

1. Nf3 Nf6 2. d4 e6 3. g3 c5 4. e3 b6 5. Bg2 Bb7 6. 0-0 Be7 7. c4 0-0 8. dxc5 bxc5 9. b3 Ne4 10. Bb2 f5 11. Qc2 Nc6 12. a3 Bf6 13. Rd1 Rb8 14. Nc3 Na5 15. Ne2 Bxb2 16. Qxb2 Ba6 17. b4 Nxc4 18. Qa2 Qf6 19. Rxd7 Nb6 20. Rdd1 Bc4 21. Qc2 Bxe2 22. Qxe2 Nc3 23. Qa6 Nxd1 24. Rxd1 Rfd8 25. Rxd8+ Qxd8 26. bxc5 Qd1+ 27. Qf1 Qxf1+ 28. Bxf1 Nd5 29. Ng5 Nc7 30. Bc4 Rb1+ 31. Kg2 Rc1 32. Be2 Rxc5 33. Nxe6 Nxe6 0-1

[Event "Dvorkovich Memorial op"]
[Site "Taganrog"]
[Date "2019.01.14"]
[Round "5"]
[White "Solovyov, Konstantin"]
[Black "Arkhipenko, Denis"]
[Result "1-0"]
[WhiteElo "2069"]
[BlackElo "1716"]
[PlyCount "79"]
[EventDate "2019.01.10"]
[EventType "swiss"]
[EventRounds "9"]
[EventCountry "RUS"]
[SourceTitle "CBM 188 Extra"]
[Source "ChessBase"]
[SourceDate "2019.02.28"]
[SourceVersion "1"]
[SourceVersionDate "2019.02.28"]
[SourceQuality "1"]

1. e4 c6 2. d4 d5 3. e5 Bf5 4. Nf3 e6 5. Be2 c5 6. c3 Qb6 7. Qb3 c4 8. Qd1 h6 9. 0-0 Nc6 10. Nbd2 Nge7 11. h3 Bh7 12. Ne1 Nf5 13. b3 cxb3 14. axb3 Be7 15. Ndf3 Rc8 16. Ba3 Na5 17. Bc5 Bxc5 18. dxc5 Qc7 19. Bb5+ Kf8 20. b4 Nc6 21. Bxc6 bxc6 22. Qa4 Ra8 23. Nc2 g5 24. Ncd4 Nxd4 25. Nxd4 Qxe5 26. Rfe1 Qf6 27. Qxc6 Kg7 28. Ra6 Rhe8 29. Qd7 Qe7 30. Qa4 Bd3 31. Re3 Be4 32. Nc6 Qb7 33. b5 Rec8 34. Rxa7 Rxa7 35. Nxa7 Rxc5 36. Qd4+ f6 37. Qxc5 d4 38. cxd4 Bxg2 39. Nc6 Bxc6 40. Qxc6 1-0